000 00701nam a2200181Ia 4500
001 13618
003 GE_BSU
008 181216s||||||||xx |||||||||||||| ||und||
040 _cGE_BSU
245 _aРеферативный журнал. Литературоведение, №4, Серия 7 2014.
245 _bсоциалные и гуманитарные науки отечественная и зарубежная литература.
260 _aМосква
260 _c2014
300 _a226стр.21см.
653 _aЛитературоведение
653 _aРеферативный журнал. Литературоведение, №4, Серия 7 2014.
942 _cCR
999 _c46774
_d46774